| 000 | 00420nam a2200145Ia 4500 | ||
|---|---|---|---|
| 008 | 230711s9999||||xx |||||||||||||| ||und|| | ||
| 041 | _aENG | ||
| 082 |
_a621 _bCH-E |
||
| 100 | _aChair,Gediminas P. Kurpis | ||
| 245 | 4 | _aThe New IEEE Standard Dictionary Of Electrical And Electronics Terms | |
| 250 | _a5th Ed. | ||
| 260 |
_c1994 _aNew Delhi _bCBS Publishers & Distributors Pvt.Ltd |
||
| 650 | _aLiterature | ||
| 942 | _cBK | ||
| 999 |
_c2569 _d2569 |
||